000
00217nam a2200121Ia 4500
100
_a
#N/A
650
_a
Computer/ IT
942
_c
BK
654
_a
fedora
245
_a
Fedora 7
260
_b
#N/A
546
_a
ENGLISH
999
_c
21033
_d
21033